Christianity in a Secularized World (Record no. 6527)

MARC details
000 -LEADER
fixed length control field 00669nam a2200253 a 4500
020 ## - INTERNATIONAL STANDARD BOOK NUMBER
ISBN 8185574
082 00 - DEWEY DECIMAL CLASSIFICATION NUMBER
Classification number 261
Author Cutter PAN
100 ## - MAIN ENTRY--AUTHOR NAME
Author name Pannenberg, Wolfhart
245 ## - TITLE STATEMENT
Title Christianity in a Secularized World
260 ## - PUBLICATION, DISTRIBUTION, ETC. (IMPRINT)
Place of publication Delhi
Name of publisher Intercultural Publications
Year of publication 1989
300 ## - PHYSICAL DESCRIPTION
Number of Pages 62p
500 ## - GENERAL NOTE
General note includes index and biblioraphy
505 2# - FORMATTED CONTENTS NOTE
Formatted contents note Bibliography
650 ## - SUBJECT ADDED ENTRY--TOPICAL TERM
Topical Term Secularization-Theology
650 ## - SUBJECT ADDED ENTRY--TOPICAL TERM
Topical Term Christianity-20th Century
942 ## - ADDED ENTRY ELEMENTS (KOHA)
Koha item type Books
700 1# -
-- Pannenberg, Wolfhart
Holdings
Home library Current library Date acquired Cost, normal purchase price Full call number Accession Number Koha item type
Henry Martyn Institute Library Henry Martyn Institute Library 02/06/2012 394.94 261 PAN 014924 E-Books
                   Copyright © 2026 | Henry Martyn Institute | Hyderabad | TS-500052 | INDIA | Implemented by hmi.edu.in
Hit-Count:

Powered by Koha